000 00716nam a2200229 a 4500
001 10566
003 BD-RjUL
005 20211208234958.0
008 140125r1975 enk b 00110 eng d
020 _a0713152389 (pbk.)
035 _a(BD-RjUL)10614
040 _aWLB
_cWLB
_beng
_dBD-RjUL
041 _aeng
082 _a551.4
_bKIT 1975
100 1 0 _aKing, Cuchlaine A. M.
_q(Cuchlaine Audrey Muriel)
_932662
245 1 0 _aTechniques in geomorphology /
_cCuchlaine A.M. King.
260 0 _aLondon :
_bE. Arnold,
_cc1966 [reprinted 1975].
300 _aix, 342 p. :
_billus. ;
_c22 cm.
504 _aIncludes bibliographical references and index.
650 0 _aGeomorphology
_xTechnique.
_932663
942 _2ddc
_cBK
999 _c10566
_d10566